[Event "SVK-chT2D 2223"]
[Site "Slovakia"]
[Date "2022.10.09"]
[Round "2.1"]
[White "Konak, Jan"]
[Black "Balazs, Attila2222"]
[Result "1/2-1/2"]
[WhiteElo "2123"]
[BlackElo "2005"]
[PlyCount "93"]
[EventDate "2022.10.08"]
[EventType "team-tourn"]
[EventRounds "11"]
[EventCountry "SVK"]
[SourceTitle "EXT 2024"]
[Source "ChessBase"]
[SourceDate "2023.10.10"]
[SourceVersion "1"]
[SourceVersionDate "2023.10.10"]
[SourceQuality "1"]
[WhiteTeam "Spisska Nova Ves"]
[BlackTeam "Moldava nad Bodvou"]
[WhiteTeamCountry "SVK"]
[BlackTeamCountry "SVK"]

1. d4 Nf6 2. c4 g6 3. Nc3 d5 4. cxd5 Nxd5 5. e4 Nxc3 6. bxc3 Bg7 7. Bc4 c5 8. Ne2 cxd4 9. cxd4 Nc6 10. Be3 0-0 11. 0-0 a6 12. Rc1 Bd7 13. h3 Rc8 14. f4 Na5 15. Bd3 Bb5 16. Bxb5 axb5 17. Qd3 Nc4 18. Bf2 Qa5 19. a4 Qd2 20. Qxd2 Nxd2 21. Rxc8 Rxc8 22. Rd1 Nxe4 23. axb5 Rc2 24. Kf1 Rb2 25. Be1 Rxb5 26. Rc1 f5 27. g4 Kf7 28. Rc7 Rb1 29. gxf5 gxf5 30. d5 Bf6 31. Rc1 Rb3 32. Kg2 Re3 33. Ng1 Rd3 34. Rb1 Rxd5 35. Rxb7 Rd1 36. Nf3 Ke6 37. Bh4 Bxh4 38. Nxh4 Rd2+ 39. Kg1 Kf6 40. Rb6+ Rd6 41. Rb5 e6 42. Rb7 Rd3 43. Rxh7 Rxh3 44. Rh6+ Kf7 45. Nxf5 Rxh6 46. Nxh6+ Kg6 47. f5+ 1/2-1/2

[Event "SVK-chT1E 1718"]
[Site "Slovakia"]
[Date "2017.12.02"]
[Round "5.4"]
[White "Konak, Jan"]
[Black "Adamciak, Tomas"]
[Result "1-0"]
[WhiteElo "2127"]
[BlackElo "2031"]
[PlyCount "57"]
[EventDate "2017.10.21"]
[EventType "team-tourn"]
[EventRounds "11"]
[EventCountry "SVK"]
[SourceTitle "EXT 2019"]
[Source "ChessBase"]
[SourceDate "2018.10.10"]
[SourceVersion "1"]
[SourceVersionDate "2018.10.10"]
[SourceQuality "1"]
[WhiteTeam "Kezmarok"]
[BlackTeam "Liptov Chess School II"]
[WhiteTeamCountry "SVK"]
[BlackTeamCountry "SVK"]

1. d4 Nf6 2. c4 g6 3. Nf3 Bg7 4. g3 d6 5. Bg2 0-0 6. 0-0 Nbd7 7. Qc2 c5 8. Rd1 Qc7 9. Nc3 a6 10. d5 Rb8 11. a4 Nb6 12. Nd2 e5 13. dxe6 Bxe6 14. b3 Rfd8 15. Bb2 Nc8 16. Nce4 Nxe4 17. Nxe4 Bf5 18. Bxg7 Bxe4 19. Qc3 Bxg2 20. Bh6 f6 21. Kxg2 Kf7 22. Bc1 Na7 23. Bb2 Qe7 24. Rd3 Qe5 25. Qd2 Qe4+ 26. Kg1 Nc6 27. Qh6 Qxe2 28. Qxh7+ Kf8 29. Qh8+ 1-0

[Event "SVK-chT1E 1617"]
[Site "Slovakia"]
[Date "2017.03.18"]
[Round "10.4"]
[White "Turcan, Richard"]
[Black "Konak, Jan"]
[Result "1-0"]
[WhiteElo "2118"]
[BlackElo "2145"]
[PlyCount "109"]
[EventDate "2016.10.15"]
[EventType "team-tourn"]
[EventRounds "11"]
[EventCountry "SVK"]
[SourceTitle "EXT 2019"]
[Source "ChessBase"]
[SourceDate "2018.10.10"]
[SourceVersion "1"]
[SourceVersionDate "2018.10.10"]
[SourceQuality "1"]
[WhiteTeam "Banska Bystrica Junior"]
[BlackTeam "Kezmarok"]
[WhiteTeamCountry "SVK"]
[BlackTeamCountry "SVK"]

1. c4 e5 2. Nc3 c5 3. g3 Nc6 4. Bg2 g6 5. e3 Bg7 6. Nge2 Nge7 7. 0-0 0-0 8. d3 d6 9. Rb1 Be6 10. Nd5 Bxd5 11. cxd5 Nb4 12. Nc3 a5 13. a3 Na6 14. Qb3 Rb8 15. Nb5 Qd7 16. Bd2 b6 17. Qc4 Rfc8 18. Rfc1 Ra8 19. Bf3 a4 20. b3 axb3 21. Rxb3 Nc7 22. Nxc7 Qxc7 23. Rcb1 Rcb8 24. Bd1 Nc8 25. e4 Qd7 26. Bc1 Qh3 27. a4 Bh6 28. Bxh6 Qxh6 29. Bg4 Qd2 30. Bxc8 Rxc8 31. Rxb6 Rd8 32. Qb5 Qa2 33. Qc6 Qxa4 34. Qxa4 Rxa4 35. Rb8 Ra8 36. Rxa8 Rxa8 37. Rb6 Rd8 38. f4 f6 39. Kf2 Rd7 40. Ke3 Kg7 41. Kd2 Kh6 42. Kc3 exf4 43. gxf4 Kh5 44. Kc4 Kg4 45. Kb5 Kxf4 46. Kc6 Rd8 47. Kc7 Ra8 48. Rxd6 Ke3 49. Rxf6 Kxd3 50. d6 Kxe4 51. d7 Ke5 52. Ra6 Rxa6 53. d8Q h5 54. Qg5+ Kd4 55. Qd2+ 1-0

[Event "SVK-chT1E 1617"]
[Site "Slovakia"]
[Date "2017.02.26"]
[Round "9.1"]
[White "Konak, Jan"]
[Black "Svana, Peter"]
[Result "1/2-1/2"]
[WhiteElo "2145"]
[BlackElo "2252"]
[PlyCount "141"]
[EventDate "2016.10.15"]
[EventType "team-tourn"]
[EventRounds "11"]
[EventCountry "SVK"]
[SourceTitle "EXT 2018"]
[Source "ChessBase"]
[SourceDate "2017.10.13"]
[SourceVersion "1"]
[SourceVersionDate "2017.10.13"]
[SourceQuality "1"]
[WhiteTeam "Kezmarok"]
[BlackTeam "Kysucke Nove Mesto"]
[WhiteTeamCountry "SVK"]
[BlackTeamCountry "SVK"]

1. d4 Nf6 2. c4 g6 3. Nf3 Bg7 4. g3 0-0 5. Bg2 d5 6. 0-0 dxc4 7. Na3 c5 8. Nxc4 Na6 9. dxc5 Nxc5 10. Be3 Nce4 11. Qxd8 Rxd8 12. Ng5 Nxg5 13. Bxg5 Be6 14. Rac1 Bd5 15. Bxf6 Bxf6 16. Bxd5 Rxd5 17. Rc2 Rad8 18. b3 b5 19. Ne3 R5d7 20. Rfc1 Bd4 21. Rc8 Rxc8 22. Rxc8+ Kg7 23. Rc2 Bb6 24. Ng4 f6 25. h3 h5 26. Nh2 e5 27. Kg2 e4 28. Nf1 Kf7 29. g4 h4 30. f3 e3 31. Rc3 b4 32. Rc2 Rd1 33. f4 Ke7 34. Rc4 Re1 35. Rc2 Rd1 36. Rc4 Kd6 37. Re4 Re1 38. Nxe3 Rxe2+ 39. Kf3 Rxa2 40. Nc4+ Kd5 41. Nxb6+ axb6 42. Rxb4 Kc5 43. Rc4+ Kd5 44. Rb4 Kc5 45. Rc4+ Kb5 46. f5 g5 47. Ke4 Rh2 48. Kd5 Rxh3 49. Ke6 Rg3 50. Kxf6 h3 51. Rc1 Rxg4 52. Rh1 Rg3 53. Kg7 g4 54. f6 Rf3 55. f7 Kc5 56. f8Q+ Rxf8 57. Kxf8 Kd5 58. Kf7 Ke5 59. Kg6 Kf4 60. Kh5 g3 61. Rxh3 g2 62. Rh4+ Kf3 63. Rg4 Kf2 64. Kg5 g1Q 65. Rxg1 Kxg1 66. Kf4 Kf2 67. Ke4 Ke2 68. Kd4 Kd2 69. Kc4 Kc2 70. Kb5 Kxb3 71. Kxb6 1/2-1/2

[Event "SVK-chT1E 1617"]
[Site "Slovakia"]
[Date "2016.10.16"]
[Round "2.2"]
[White "Kravec, Patrik"]
[Black "Konak, Jan"]
[Result "1/2-1/2"]
[WhiteElo "2085"]
[BlackElo "2145"]
[PlyCount "20"]
[EventDate "2016.10.15"]
[EventType "team-tourn"]
[EventRounds "11"]
[EventCountry "SVK"]
[SourceTitle "CBM 175 Extra"]
[Source "ChessBase"]
[SourceDate "2016.12.12"]
[SourceVersion "1"]
[SourceVersionDate "2016.12.12"]
[SourceQuality "1"]
[WhiteTeam "Presov Slavia PU"]
[BlackTeam "Kezmarok"]
[WhiteTeamCountry "SVK"]
[BlackTeamCountry "SVK"]

1. e4 c5 2. Nc3 Nc6 3. Nf3 e5 4. Bc4 Be7 5. d3 Nf6 6. Nd2 0-0 7. Nf1 d6 8. Ne3 Be6 9. 0-0 Rb8 10. a4 a6 1/2-1/2

[Event "SVK-ch Seniors-A"]
[Site "Tatranske Matliare"]
[Date "2016.06.09"]
[Round "6"]
[White "Konak, Jan"]
[Black "Drugda, Milos"]
[Result "1-0"]
[WhiteElo "2131"]
[BlackElo "1995"]
[PlyCount "99"]
[EventDate "2016.06.05"]
[EventType "swiss"]
[EventRounds "9"]
[EventCountry "SVK"]
[SourceTitle "EXT 2023"]
[Source "ChessBase"]
[SourceDate "2022.10.05"]
[SourceVersion "1"]
[SourceVersionDate "2022.10.05"]
[SourceQuality "1"]

1. d4 Nf6 2. c4 g6 3. Nf3 Bg7 4. g3 0-0 5. Bg2 d6 6. 0-0 c5 7. d5 Na6 8. Nc3 Rb8 9. e4 Nc7 10. a4 b6 11. Bg5 h6 12. Bf4 g5 13. Bd2 Bg4 14. h3 Bh5 15. Qc1 Bg6 16. Re1 a6 17. Bf1 e5 18. Nh2 Qd7 19. g4 Kh7 20. f3 Ng8 21. Be2 f6 22. Kg2 Ne7 23. Rh1 Be8 24. Nf1 Ng6 25. Kf2 Qe7 26. Ng3 Nh4 27. Nf5 Nxf5 28. gxf5 Rh8 29. h4 Kg8 30. Qf1 Bd7 31. Qg2 Kf7 32. Rhb1 a5 33. b3 Rbg8 34. Rh1 Rb8 35. Rag1 Rbg8 36. Rh3 Qf8 37. Rg3 Ne8 38. Na2 Ke7 39. Nc1 Kf7 40. Nd3 Ke7 41. f4 gxh4 42. Rh3 h5 43. Rxh4 Bh6 44. Qh2 Rxg1 45. Qxg1 Ng7 46. Qc1 exf4 47. Bxf4 Bxf4 48. Nxf4 Be8 49. Qg1 Kd8 50. Qxg7 1-0

[Event "SVK-ch Amateurs"]
[Site "Stara Lubovna"]
[Date "2015.05.09"]
[Round "5"]
[White "Fedorko, Martin"]
[Black "Konak, Jan"]
[Result "1/2-1/2"]
[WhiteElo "1998"]
[BlackElo "2109"]
[PlyCount "135"]
[EventDate "2015.05.07"]
[EventType "swiss"]
[EventRounds "7"]
[EventCountry "SVK"]
[SourceTitle "EXT 2017"]
[Source "ChessBase"]
[SourceDate "2016.10.25"]
[SourceVersion "1"]
[SourceVersionDate "2016.10.25"]
[SourceQuality "1"]

1. e4 c5 2. Nf3 d6 3. d4 cxd4 4. Nxd4 Nf6 5. Nc3 a6 6. Be2 e5 7. Nb3 Be7 8. Be3 0-0 9. a4 Be6 10. 0-0 Nbd7 11. Nd2 Qc7 12. Kh1 Rac8 13. f4 exf4 14. Bxf4 Ne5 15. Bxe5 dxe5 16. Bd3 Qb6 17. Qc1 Rfd8 18. a5 Qc5 19. Qe1 Qb4 20. Nd1 Nh5 21. Nf3 Qc5 22. g3 Bh3 23. Rf2 g6 24. Ne3 Be6 25. Rd2 Qc7 26. Rdd1 f6 27. Kg2 Rd7 28. b3 Rcd8 29. Qe2 Ng7 30. Nc4 Bc5 31. Ne3 Bb4 32. Nc4 Bxc4 33. Bxc4+ Kh8 34. Rxd7 Rxd7 35. Rd1 Bxa5 36. Bd5 Ne8 37. c4 Qc5 38. Qf1 Kg7 39. h4 h5 40. Qe2 b5 41. Qa2 bxc4 42. bxc4 Nc7 43. Qa4 Rd6 44. Ra1 Bb6 45. Ra2 Kh6 46. Qa3 Qxa3 47. Rxa3 Bc5 48. Ra5 Bb4 49. Ra4 Rb6 50. Kf1 Bc3 51. Ke2 Rb4 52. Rxb4 Bxb4 53. Kd3 Kg7 54. Ng1 Kf8 55. Ne2 Be1 56. c5 g5 57. hxg5 fxg5 58. Bb7 h4 59. gxh4 gxh4 60. Bc8 Ke7 61. Kc4 Ne6 62. Ng1 Bf2 63. Nh3 Be3 64. Bxa6 Nxc5 65. Bc8 Nd7 66. Kd3 Bd4 67. Ke2 Nf6 68. Kf3 1/2-1/2

[Event "SVK-chT2D 14/15"]
[Site "Slovakia"]
[Date "2015.03.07"]
[Round "10.2"]
[White "Veselovsky, Jan"]
[Black "Konak, Jan"]
[Result "1/2-1/2"]
[WhiteElo "2058"]
[BlackElo "2132"]
[PlyCount "89"]
[EventDate "2014.10.11"]
[EventType "team-tourn"]
[EventRounds "11"]
[EventCountry "SVK"]
[SourceTitle "EXT 2019"]
[Source "ChessBase"]
[SourceDate "2018.10.10"]
[SourceVersion "1"]
[SourceVersionDate "2018.10.10"]
[SourceQuality "1"]
[WhiteTeam "Bardejov BSK"]
[BlackTeam "Spisska Nova Ves"]
[WhiteTeamCountry "SVK"]
[BlackTeamCountry "SVK"]

1. e4 c5 2. Nf3 d6 3. d4 cxd4 4. Qxd4 Nc6 5. Bb5 Bd7 6. Bxc6 Bxc6 7. Nc3 Nf6 8. Bg5 e6 9. 0-0-0 Be7 10. Qd3 Qa5 11. h4 0-0 12. Nd4 h6 13. Bd2 Qc7 14. f4 Ng4 15. Rdf1 h5 16. Nce2 Bd7 17. Ng3 g6 18. Bc3 Bf6 19. Nge2 a6 20. f5 Be5 21. Qd2 Kh7 22. Rh3 exf5 23. exf5 Bc6 24. Nf3 f6 25. Ned4 Qf7 26. Ne6 Bxf3 27. Nxf8+ Rxf8 28. Rfxf3 Qxa2 29. fxg6+ Kg7 30. Qd3 Qa1+ 31. Kd2 Qg1 32. Qf1 Bxc3+ 33. bxc3 Qxf1 34. Rxf1 Re8 35. Rd3 Ne5 36. Rd4 b5 37. Ra1 Nc4+ 38. Rxc4 bxc4 39. Rxa6 d5 40. Ra1 Re4 41. g3 Kxg6 42. Rf1 f5 43. Rf2 Kf6 44. Rf1 Ke5 45. Rg1 1/2-1/2

[Event "SVK-chT1E 1415"]
[Site "Slovakia"]
[Date "2015.02.28"]
[Round "8.1"]
[White "Markos, Jan"]
[Black "Konak, Jan"]
[Result "1-0"]
[WhiteElo "2590"]
[BlackElo "2132"]
[PlyCount "69"]
[EventDate "2014.10.18"]
[EventType "team-tourn"]
[EventRounds "11"]
[EventCountry "SVK"]
[SourceTitle "EXT 2016"]
[Source "ChessBase"]
[SourceDate "2015.10.08"]
[SourceVersion "1"]
[SourceVersionDate "2015.10.08"]
[SourceQuality "1"]
[WhiteTeam "Humenne"]
[BlackTeam "Kezmarok"]
[WhiteTeamCountry "SVK"]
[BlackTeamCountry "SVK"]

1. Nf3 d5 2. g3 c5 3. Bg2 Nc6 4. d4 e6 5. 0-0 Nf6 6. c4 dxc4 7. Qa4 Bd7 8. Qxc4 b5 9. Qd3 Rc8 10. dxc5 Bxc5 11. a3 b4 12. a4 h6 13. Nbd2 0-0 14. Nb3 Be7 15. Bf4 Na5 16. Ne5 Nxb3 17. Qxb3 Qa5 18. Rfd1 Rfd8 19. Bb7 Be8 20. Bxc8 Rxc8 21. Rac1 Rxc1 22. Rxc1 g5 23. Nc4 Qa6 24. Be5 Bxa4 25. Qd3 Bb5 26. b3 Nd5 27. e4 Nb6 28. Qd4 Nxc4 29. bxc4 Bc6 30. Ra1 Qb6 31. Rxa7 Bc5 32. Qd2 Qxa7 33. Qd8+ Bf8 34. Qf6 Kh7 35. g4 1-0